000 00290nam a22001337a 4500
008 170926b xxu||||| |||| 00| 0 eng d
020 _a9781457606342
041 _aeng
080 _25 ED
_a37
100 _a37
101 _aEDU
245 _aSTEP BY STEP
_cGARDNER.J.N
942 _2udc
_cBK
999 _c30052
_d30052